00466 2200157 4500001002100000005001500021035002000036245010500056100001900161300002800180260004400208082000800252084001400260020002200274990001200296INLIS00000000000258320250605015625 a0010-06250001691 aPanduan Guru & Orang Tua :bPerkembangan Anak ( Masalah & Solusinya ) /cProf. Dr. H. Irwan Prayitno0 aIrwan Prayitno a152 hlm ;c15,5 x 23 cm aJakarta :bEsensi Erlangga Group,c2020 a100 a100 IRW p a978-602-6847-99-7 a0754874